|
|
|
|
| LEADER |
02550nam a2200721 i 4500 |
| 001 |
nkc20172866136 |
| 003 |
CZ PrNK |
| 005 |
20210408093153.0 |
| 007 |
ta |
| 008 |
170103s2017 xr a e 000 0dcze |
| 015 |
|
|
|a cnb002866136
|
| 020 |
|
|
|a 978-80-906677-0-9
|q (brožováno)
|
| 035 |
|
|
|a (OCoLC)982106688
|
| 040 |
|
|
|a BOA001
|b cze
|e rda
|
| 043 |
|
|
|a e-xr---
|
| 045 |
|
|
|a y1y1
|
| 072 |
|
7 |
|a 72/76
|x Výtvarné umění
|2 Konspekt
|9 21
|
| 072 |
|
7 |
|a 929
|x Biografie
|2 Konspekt
|9 8
|
| 080 |
|
|
|a 72/76.071.1
|2 MRF
|
| 080 |
|
|
|a 821.162.3-1-051
|2 MRF
|
| 080 |
|
|
|a 73/77.02
|2 MRF
|
| 080 |
|
|
|a 77.03/.08
|2 MRF
|
| 080 |
|
|
|a 7.036/.038
|2 MRF
|
| 080 |
|
|
|a 929
|2 MRF
|
| 080 |
|
|
|a (437.3)
|2 MRF
|
| 080 |
|
|
|a (093.3)
|2 MRF
|
| 080 |
|
|
|a (084.11)
|2 MRF
|
| 080 |
|
|
|a (0.027.6)
|2 MRF
|
| 100 |
1 |
|
|a Kauer, Aleš,
|d 1974-
|7 mzk2007390780
|4 aut
|4 ill
|4 pht
|
| 245 |
1 |
0 |
|a Giotto & xerox /
|c Aleš Kauer
|
| 246 |
3 |
|
|a Giotto a xerox
|
| 264 |
|
1 |
|a Jihlava :
|b Adolescent,
|c 2017
|
| 300 |
|
|
|a 132 nečíslovaných stran :
|b ilustrace (převážně barevné) ;
|c 19 cm
|
| 336 |
|
|
|a text
|b txt
|2 rdacontent
|
| 336 |
|
|
|a statický obraz
|b sti
|2 rdacontent
|
| 337 |
|
|
|a bez média
|b n
|2 rdamedia
|
| 338 |
|
|
|a svazek
|b nc
|2 rdacarrier
|
| 500 |
|
|
|a "Koncepce knížky, fotografie, koláže a kresby Aleš Kauer"--Preliminária
|
| 500 |
|
|
|a 50 výtisků
|
| 600 |
1 |
7 |
|a Kauer, Aleš,
|d 1974-
|7 mzk2007390780
|2 czenas
|
| 648 |
|
7 |
|a 2016
|7 ch967318
|2 czenas
|
| 648 |
|
7 |
|a 21. století
|7 ch460559
|2 czenas
|
| 650 |
0 |
7 |
|a výtvarní umělci
|7 ph116709
|z Česko
|y 21. století
|2 czenas
|
| 650 |
0 |
7 |
|a čeští básníci
|7 ph128168
|y 21. století
|2 czenas
|
| 650 |
0 |
7 |
|a koláže
|7 ph121736
|z Česko
|y 21. století
|2 czenas
|
| 650 |
0 |
7 |
|a fotografie
|7 ph114585
|z Česko
|y 21. století
|2 czenas
|
| 650 |
0 |
7 |
|a moderní umění
|7 ph115340
|z Česko
|2 czenas
|
| 650 |
0 |
9 |
|a artists
|z Czechia
|y 21st century
|2 eczenas
|
| 650 |
0 |
9 |
|a Czech poets
|y 21st century
|2 eczenas
|
| 650 |
0 |
9 |
|a collages
|z Czechia
|y 21st century
|2 eczenas
|
| 650 |
0 |
9 |
|a photography
|z Czechia
|y 21st century
|2 eczenas
|
| 650 |
0 |
9 |
|a modern art
|z Czechia
|2 eczenas
|
| 655 |
|
7 |
|a deníky
|7 fd132006
|2 czenas
|
| 655 |
|
7 |
|a obrazové publikace
|7 fd132947
|2 czenas
|
| 655 |
|
7 |
|a bibliofilie
|7 fd131893
|2 czenas
|
| 655 |
|
9 |
|a diaries
|2 eczenas
|
| 655 |
|
9 |
|a pictorial works
|2 eczenas
|
| 655 |
|
9 |
|a bibliophilie
|2 eczenas
|
| 910 |
2 |
|
|a BOA001
|b 1-1382.740
|
| 990 |
|
|
|a BK
|
| 995 |
|
|
|a 01
|
| 991 |
|
|
|b 201703
|c NOV
|
| 996 |
6 |
|
|b 2610699042
|c 1-1382.740
|l MZK
|r Sklad / do 1 hodiny
|n 1
|p p.v.
|w 001600815
|u 000010
|a 1
|e BOA001
|j MZK50
|s P
|